00666cam a22002531 4500001001300000003000400013005001700017008004100034010001700075035002000092040001800112042001200130043001200142050001700154100002800171245004500199260001000244300002200254500001400276504003100290650004400321700003000365999001700395sa 65005505 DLC20260227112138.0890705s1965 ii b 000 0 hino  asa 65005505  a(OCoLC)19965050 aDLCcWaUdDLC apremarc aa-ii---00aPK2916b.U571 aUpadhyay, Ramji,d1920-10aSaṃskr̥ta ke mahākavi aura kāvya. c1965. a8, 444 p.c23 cm. aIn Hindi. aBibliographical footnotes. 0aSanskrit poetryxHistory and criticism.1 aMiśra, Rāmaprasāda. c64366d64366